000 01047nam a2200289Ia 4500
003 GCL
005 20240530102257.0
008 140319s9999 xx 000 0 ara d
020 _a9770511021
040 _aGCL /
_cGCL
082 0 4 _a953.09
_bق/ع د
100 1 _aعبدالعزيز محمد الشناوى
245 1 0 _aالدولة العثمانية دولة اسلامية مفترى عليها /
_cعبدالعزيز محمد الشناوى
260 _aالقاهرة :
_bمكتبة الانجلوالمصرية ،
_c1992
300 _a2352 ص * 3 ج ؛
_c24 سم
650 0 4 _aالعالم العربى
650 0 4 _aتاريخ
650 0 4 _aالاحوال الاجتماعية
650 0 4 _aالاحوال السياسية
650 0 4 _aتركيا
650 0 4 _aالامبراطورية العثمانية
650 0 4 _aقناة السويس
650 0 4 _aالاحتلال الفرنسى
650 0 4 _aاوربا
650 0 4 _aالعالم العربى - تاريخ - العصر العثمانى
942 _2ddc
_cBK
999 _c31089
_d31089